000 00400nam a2200145Ia 4500
008 231129s2001||||xx |||||||||||||| ||spa||
020 _a958-30-0816-8
040 _bspa
082 _a(i) Co863.44 L925t
100 _aLozano Pilar 1951
245 0 _aTurbel el viento que se disfrazo de brisa
260 _c2001
264 _aPanamericana
942 _2ddc
_cBKS
999 _c25743
_d25743